000 00922cab a2200253 4500
001 ABS38835
008 090401t1988 xxu||||| |||| 00| 0 eng d
035 _a(Sirsi) u12650
041 _aeng
100 _aCrawford, D.
245 _aPlan for maintenance
260 _c1988
350 _a0
490 _aBuilding Today
_v195(5739) 21 January 1988, 26-27(2)
520 _aSuggests that unitisation will demand better planning for maintenance , as it will focus attention on the role of property as a performance-related asset. Refers to a recent survey by Savills on occupation costs of office buildings in the City of London and reviews the single asset vehicles which will offer properties for sale.
650 _aFINANCIAL SERVICES ACT 1986
650 _aINVESTMENT
650 _aPINCS
650 _aSAPCOS
650 _aSPOTS
690 _aPROPERTY LAW AND PRACTICE
942 _n0
948 _c04/03/1997
999 _c8090
_d8090